| 000 | 00752nam a2200241 a 4500 | ||
|---|---|---|---|
| 005 | 20260322212040.0 | ||
| 008 | data | ||
| 010 | _a98-084366 | ||
| 020 | _a1891945009 | ||
| 020 | _a9781891945007 | ||
| 040 | _aDonation | ||
| 092 | _a332.7 C74 1998 | ||
| 100 | 1 | _aSnyder, Stephen E. | |
| 245 | 1 | 0 |
_aCredit after bankruptcy : _ba step-by-step action plan to quick and lasting recovery after personalbankruptcy _cStephen Snyder. |
| 260 |
_aIndianapolis, IN _bBellwether _c 1998 |
||
| 300 |
_avi, 216 p. ; _c 24 cm. |
||
| 500 | _aIncludes index. | ||
| 500 | _aLibrary has: 2 copies (1-Civil, 1-Forensic). | ||
| 650 | 0 | 2 |
_aBankruptcy _zUnited States |
| 650 | 4 |
_aConsumer credit _zUnited States |
|
| 650 | 4 |
_aFinance, Personal _zUnited States |
|
| 001 | data | ||
| 999 |
_c950 _d950 |
||